Οργάνωση - λειτουργία μηχανογραφικού κέντρου : ανάλυση συστημάτων

Saved in:
Bibliographic Details
Main Author: Κακούρης, Αθανάσιος Μ.
Format: Book
Language:Greek
Published: Αθήνα :
Subjects:
Tags: Add Tag
No Tags, Be the first to tag this record!

MARC

LEADER 00000nam a2200000 i 4500
001 1/62848
008 960605s0000 gre d
035 |l 10029150 
040 |a GR-MY-UA  |b gre  |e aacr 
041 0 |a gre 
082 0 |a 004.21 
100 1 |a Κακούρης, Αθανάσιος Μ. 
245 1 0 |a Οργάνωση - λειτουργία μηχανογραφικού κέντρου :  |b ανάλυση συστημάτων /  |c Αθανάιος Μ.Κακούρης 
260 |a Αθήνα :  
300 |a 266 σ. 
500 |a Περιλαμβάνει βιβλιογραφία 
650 0 0 |a System analysis. 
852 |a INST  |b CHIOS  |e 19960613  |h 004.21 ΚΑΚ  |p 005200007936  |q 005200007936  |t BK  |y 0 
852 |a INST  |b CHIOS  |e 19960605  |h 004.21 ΚΑΚ  |p 005200008065  |q 005200008065  |t BK  |y 0 
909 |a Χ  |b 032670 
909 |a Χ  |b 032669